National Anthem of Latvia - Dievs, svētī Latviju! - Statistics

General Stats
  • This quiz has been taken 6 times
  • The average score is 41 of 56
Answer Stats
Lyrics % Correct
Dievs,
100%
Dievs,
100%
Latviju!
100%
Latviju
100%
Latviju!
100%
Latviju
100%
svētī
100%
Svētī
100%
svētī
100%
svētī
100%
Svētī
100%
svētī
100%
dārgo
80%
dārgo
80%
dzied
80%
dzied
80%
Kur
80%
Kur
80%
Kur
80%
Kur
80%
Latvijā!
80%
Latvijā!
80%
Mūs'
80%
Mūs'
80%
Mūs'
80%
Mūs'
80%
tēviju
80%
tēviju
80%
zied
80%
zied
80%
Ak,
60%
Ak,
60%
dēli
60%
dēli
60%
diet
60%
diet
60%
jel
60%
jel
60%
jel
60%
jel
60%
Laid
60%
Laid
60%
laimē
60%
laimē
60%
meitas
60%
meitas
60%
mums
60%
mums
60%
to!
60%
to!
60%
tur
60%
tur
60%
latvju
40%
latvju
40%
latvju
40%
latvju
40%
No matching quizzes found
Score Distribution
Percent of People with Each Score
Percentile by Number Answered
Your Score History
You have not taken this quiz